000
00325nam a2200145Ia 4500
008
220923s9999 xx 000 0 und d
020
_a
9789351434559
082
_b
SHU
100
_a
SHUKLA, GIRJESH AND TIWARI, MAHIMA
245
0
_a
TAX LAW VOL-1
260
_c
2015
300
_a
409
650
_a
Tax Law
942
_c
BK
999
_c
195541
_d
195541